Burza v ČSFR. Rozvoj kapitálového trhu.
Existencia burzy ako jeden z predpokladov plnohodnotného fungovania kapitálového trhu. Zákonodárna príprava formovania burzy. Popis práce Prípravného výboru pre založenie burzy cenných papierov v Prahe a prác na založení burzy v Bratislave. Fungovanie náhradného sekundárneho trhu cenných papierov pr...
Salvato in:
| Natura: | Capitolo di libro |
|---|---|
| Lingua: | ceco |
| Soggetti: | |
| Tags: |
Nessun Tag, puoi essere il primo ad aggiungerne!!
|
MARC
| LEADER | 00000naa a2200000 4500 | ||
|---|---|---|---|
| 001 | r004944 | ||
| 005 | 20221125075942.0 | ||
| 041 | 0 | |a cze | |
| 044 | |a [CS] | ||
| 245 | 1 | 0 | |a Burza v ČSFR. |b Rozvoj kapitálového trhu. |
| 520 | |a Existencia burzy ako jeden z predpokladov plnohodnotného fungovania kapitálového trhu. Zákonodárna príprava formovania burzy. Popis práce Prípravného výboru pre založenie burzy cenných papierov v Prahe a prác na založení burzy v Bratislave. Fungovanie náhradného sekundárneho trhu cenných papierov pripraveného ŠBČS v spolupráci s obchodnými bankami. | ||
| 610 | 2 | 0 | |a burzy |
| 610 | 2 | 0 | |a trh kapitálový |
| 610 | 2 | 0 | |a papiere cenné |
| 610 | 2 | 0 | |a ŠBČS |
| 610 | 2 | 0 | |a banky obchodné |